[Event "Kiel op 25th"]
[Site "Kiel"]
[Date "2012.07.29"]
[Round "3"]
[White "Bernwald, Sascha"]
[Black "Von Koschitzky, Tilo"]
[Result "1-0"]
[WhiteElo "1618"]
[BlackElo "1940"]
[PlyCount "93"]
[EventDate "2012.07.28"]
[EventType "swiss"]
[EventRounds "9"]
[EventCountry "GER"]
[SourceTitle "EXT 2015"]
[Source "ChessBase"]
[SourceDate "2014.11.20"]
[SourceVersion "1"]
[SourceVersionDate "2014.11.20"]
[SourceQuality "1"]

1. e4 d5 2. exd5 Qxd5 3. Nc3 Qa5 4. d4 c6 5. Nf3 Bg4 6. Be2 e6 7. 0-0 Bd6 8. Ne5 Bxe2 9. Qxe2 Nf6 10. Re1 0-0 11. Bf4 Bb4 12. Bd2 Nbd7 13. a3 Be7 14. Ne4 Qd5 15. Nxf6+ Bxf6 16. Rad1 Rfd8 17. c4 Qd6 18. Bb4 c5 19. Nxd7 cxb4 20. Nxf6+ gxf6 21. Qg4+ Kh8 22. Re3 Rg8 23. Qh4 e5 24. Rh3 Rg7 25. Qe4 Qe6 26. Rhd3 Qxc4 27. Qxb7 Rc8 28. dxe5 Rgg8 29. Qf3 Qe6 30. Qxf6+ Qxf6 31. exf6 bxa3 32. bxa3 Rc6 33. Rd6 Rc3 34. Rd7 Rf8 35. Rxa7 Rc6 36. h3 Rxf6 37. a4 Rf4 38. Ra1 Rd4 39. Rb7 Kg7 40. a5 Rfd8 41. a6 Rd1+ 42. Rxd1 Rxd1+ 43. Kh2 Ra1 44. a7 Kg6 45. Kg3 Ra4 46. Kf3 Kf6 47. Ke3 1-0